Power system engineering : planning, design, and operation of power systems and equipment (Record no. 71359)

000 -LEADER
fixed length control field 00749nam a22002057a 4500
003 - CONTROL NUMBER IDENTIFIER
control field NUST - PNEC
005 - DATE AND TIME OF LATEST TRANSACTION
control field 20170116181159.0
008 - FIXED-LENGTH DATA ELEMENTS--GENERAL INFORMATION
fixed length control field 160202b xxu||||| |||| 00| 0 eng d
020 ## - INTERNATIONAL STANDARD BOOK NUMBER
International Standard Book Number 9783527412600
040 ## - CATALOGING SOURCE
Transcribing agency LIBRARY
082 ## - DEWEY DECIMAL CLASSIFICATION NUMBER
Classification number 621.31 SCH
100 ## - MAIN ENTRY--PERSONAL NAME
9 (RLIN) 16207
Personal name Schlabbach, Jurgen
245 ## - TITLE STATEMENT
Title Power system engineering : planning, design, and operation of power systems and equipment
Statement of responsibility, etc. Jurgen, Schlabbach
250 ## - EDITION STATEMENT
Edition statement 2nd ed.
260 ## - PUBLICATION, DISTRIBUTION, ETC.
Place of publication, distribution, etc. Germany :
Name of publisher, distributor, etc. Wiley ;
Date of publication, distribution, etc. c.2014.
300 ## - PHYSICAL DESCRIPTION
Extent xvi, 379 pages.
650 ## - SUBJECT ADDED ENTRY--TOPICAL TERM
9 (RLIN) 16206
Topical term or geographic name entry element Electric power systems
General subdivision EE, EL
856 ## - ELECTRONIC LOCATION AND ACCESS
Uniform Resource Identifier <a href="http://www.amazon.com/Power-System-Engineering-Operation-Equipment/dp/3527412603/ref=sr_1_1?ie=UTF8&qid=1454392921&sr=8-1&keywords=9783527412600">http://www.amazon.com/Power-System-Engineering-Operation-Equipment/dp/3527412603/ref=sr_1_1?ie=UTF8&qid=1454392921&sr=8-1&keywords=9783527412600</a>
942 ## - ADDED ENTRY ELEMENTS (KOHA)
Source of classification or shelving scheme
Koha item type Book
Holdings
Withdrawn status Lost status Source of classification or shelving scheme Materials specified (bound volume or other part) Damaged status Not for loan Permanent Location Current Location Shelving location Date acquired Source of acquisition Cost, normal purchase price Total Checkouts Full call number Barcode Date last seen Cost, replacement price Price effective from Koha item type
      hardbound     Pakistan Navy Engineering College (PNEC) Pakistan Navy Engineering College (PNEC)   12/06/2015 Global Link Information Services / Ref Grant 12996.13   621.31 SCH PNECLIB-032634 02/02/2016 12996.13 12/06/2015 Book
© 2023 Central Library, National University of Sciences and Technology. All Rights Reserved.